Statystyki dla Zwycięzcy Ligi Światowej/Ligi Narodów Mężczyzn

Kliknij tutaj aby rozwiązać quiz!

Ogólne statystyki

  • Ten quiz został rozwiązany 62 razy
  • Średni wynik to 27 z 33

Statystyki odpowiedzi

RokReprezentacja% Poprawnych
2022Francja
96%
2017Francja
96%
2015Francja
96%
2023Polska
93%
2012Polska
93%
2003Brazylia
86%
2021Brazylia
86%
2010Brazylia
86%
2009Brazylia
86%
2007Brazylia
86%
2005Brazylia
86%
2004Brazylia
86%
2006Brazylia
86%
1993Brazylia
86%
2001Brazylia
86%
2002Rosja
84%
2011Rosja
84%
2019Rosja
84%
2018Rosja
84%
2013Rosja
84%
2008USA
84%
2014USA
84%
1997Włochy
82%
1995Włochy
82%
1994Włochy
82%
1999Włochy
82%
1991Włochy
82%
2000Włochy
82%
1992Włochy
82%
1990Włochy
82%
2016Serbia
64%
1996Holandia
54%
1998Kuba
46%

Rozkład punktacji

Percentyl według liczby udzielonych odpowiedzi

Procent ludzi z każdym wynikiem

Twoja historia wyników

Nie rozwiązałeś tego quizu